MARC

LEADER 00000nam0a2200000 4500
001 257108
005 20231101233156.0
035 |a (RuTPU)RU\TPU\book\279875 
090 |a 257108 
100 |a 20140414d1990 m y0rusy50 ca 
101 0 |a rus 
102 |a RU 
105 |a a z 000ay 
200 1 |a Невозвращенец  |e повесть  |f А. А. Кабаков  |g под ред. В. Б. Чернова 
210 |a Одесса  |d 1990 
215 |a 48 с.  |c ил. 
606 1 |a Русская литература современная  |2 stltpush  |3 (RuTPU)RU\TPU\subj\26373  |9 50316 
610 1 |a художественная литература 
610 1 |a повести 
610 1 |a 20 век 
610 1 |a СССР 
610 1 |a Москва 
675 |a Р2  |v 3 
700 1 |a Кабаков  |b А. А.  |g Александр Абрамович  |4 070 
702 1 |a Чернов  |b В. Б.  |4 340 
801 1 |a RU  |b 63413507  |c 20140414 
801 2 |a RU  |b 63413507  |c 20210930  |g RCR 
942 |c BK